Statistics for Word Scramble - Animals #1

Click here to take the quiz!

General Stats

  • This quiz has been taken 74,769 times
    (74,736 since last reset)
  • The average score is 20 of 40

Answer Stats

Scramble Animal % Correct
RIGTETiger
99%
ALLMALlama
88%
WLAEHWhale
85%
ABZERZebra
83%
UNKSKSkunk
80%
IPHPOHippo
78%
CMHPIChimp
75%
CHEELLeech
73%
HERSOHorse
72%
ESHPESheep
71%
ILQUAQuail
69%
NASEKSnake
68%
LAEGEEagle
67%
GOEOSGoose
64%
AHKRSShark
63%
DNAAPPanda
63%
SMOEOMoose
61%
MSOEUMouse
60%
GYPUPGuppy
56%
KOTSRStork
52%
UYNBNBunny
51%
CABROCobra
46%
USDQISquid
45%
HOSLTSloth
42%
CKEOGGecko
37%
ESHWRShrew
35%
TTUORTrout
35%
OINSBBison
34%
OIBNRRobin
33%
TREOTOtter
33%
AERVNRaven
33%
URELMLemur
31%
YHNAEHyena
28%
IODGNDingo
26%
AIRTPTapir
24%
RHACORoach
22%
GEETREgret
21%
ERHNOHeron
20%
ASTTOStoat
19%
EACLMCamel
18%

Score Distribution

Percentile by Number Answered

Percent of People with Each Score

Your Score History

You have not taken this quiz since the last reset